TCE Tocantins : (Record no. 1579)

MARC details
000 -LÍDER
Campo Fixo de Controle 00686nam a2200205 a 4500
001 - NÚMERO DE CONTROLE
Campo de Controle 1579
003 - IDENTIFICAÇÃO DO NÚMERO DE CONTROLE
Campo de Controle BR-CuiBMT
005 - DATA E HORA DA ÚLTIMA ATUALIZAÇÃO
Campo de Controle 20231215233031.0
008 - DADOS FIXOS
Dados Fixos 231214s2012 toba 000 0 por d
040 ## - AGÊNCIA CATALOGADORA
Código da Agência Catalogadora BR-CuiBMT
Agência que transcreveu o registro BR-CuiBMT
080 ## - Nº DA CLASSIFICAÇÃO DECIMAL UNIVERSAL
Nº edição CDU 2007
Nº Class. CDU 351.94:336.148
Subd. Auxiliar Comum (811.7)
090 ## - NÚMERO DE CHAMADA
Nº classificação 351.94:336.148(811.7)
Cutter T631t
110 1# - ENTRADA PRINCIPAL -- ENTIDADE
Nome da entidade ou lugar Tocantins.
Unidade subordinada Tribunal de Contas.
245 10 - TÍTULO PRINCIPAL
Título principal TCE Tocantins :
Subtítulo conta sua história - 1989-2012 /
Indicação de responsabilidade Tribunal de Contas do Estado do Tocantins.
260 ## - PUBLICAÇÃO, DISTRIBUIÇÃO, ETC.
Local de publicação Palmas :
Editora TCE-TO,
Data 2012.
300 ## - DESCRIÇÃO FÍSICA
N. páginas ou volumes 77 p. :
Ilustrações il. color. ;
Dimensões 29 cm
610 1# - ASSUNTO -- ENTIDADE
Nome da Entidade ou lugar Tocantins.
Unidade subordinada Tribunal de Contas
650 ## - ASSUNTO TÓPICO
Cabeçalho tópico ou nome geográfico Tribunal de contas
Subdivisão de forma história
Subdivisão cronológica 1989-2012
Subdivisão geográfica Tocantins
942 ## - ELEMENTOS DE ENTRADA ADICIONAIS (KOHA)
Fonte de classificação ou esquema de arquivamento Classificação Decimal Universal
Tipo de item do Koha Livros
Holdings
Estado: removido Estado: perdido Fonte de classificação ou esquema de arquivamento Estado: danificado Indisponível para empréstimo Localização permanente Localização atual Data de aquisição Total Checkouts Número de Chamada completo Código de barras Date last seen Número do exemplar Preço efetivo a partir de Tipo de item (Koha)
    Classificação Decimal Universal     Biblioteca da Escola Superior de Contas do TCE/MT Biblioteca da Escola Superior de Contas do TCE/MT 15/12/2023   351.94:336.148(811.7) T631t BIBTCEMT23120631 15/12/2023 Ex. 1 15/12/2023 Livros

Powered by Koha